00511nam a2200157Ia 4500008004100000041000800041082001700049100001700066245004500083250001400128260002900142300002900171365000800200999001500208952013000223240624s9999 xx 000 0 und d aeng a658.4033 OAK aOAKSHOTT LES aESSENTIAL QUANTITATIVE MATHODS FOR BUSIN a(3rd ed.) c2007aNew YorkbPalgrave ax, : 484 : p. : cm. ; 23 cERU c6177d6177 00104070aIMTNbIMTNcRack 26-Bd2007-09-12eIBHg8.99n1015o658.4033 OAKp6177r2024-06-24 00:00:00t58.1w2024-06-24yBK